000 00587nam a22001817a 4500
005 20150909114714.0
010 _aENG-113599
020 _c295.00
_a9788122205855
035 _aEN-97131
037 _bDBAD/PUB
082 _a920
100 _aMenon, Ramesh
245 _aCelebrating life with gratitude :
_cby Ramesh Menon ; foreworded by Fali S. Nariman
_bthe journey of O.P. Vaish /
260 _aNew Delhi
_bVision Books
_c2015
270 _a24 Feroze Gandhi Road, Lajpat Nagar - III
_bNew Delhi
_e110024
300 _a151p.
_c23cm(Hb)
942 _2ddc
_cEN
_mVAI
_h920
999 _c95082
_d95082